000
00277nam a22001217a 4500
008
170727b xxu||||| |||| 00| 0 eng d
041
_a
eng
080
_a
004
100
_a
29
101
_a
SHKI
245
_a
THEORETISCHE GRUNDLAGEN DER INFORMATIK
_c
CAP, G.H
942
_2
udc
_c
BK
999
_c
22001
_d
22001